Классификация способов бестраншейного ремонта инженерных сетей; Трубопроводы и экология; № 2

Dettagli Bibliografici
Parent link:Трубопроводы и экология: научно-практический журнал.— , 2002-2012
№ 2.— 2003.— С. 19-21
Autore principale: Продоус О. А.
Lingua:russo
Pubblicazione: 2003
Serie:Новые технологии
Soggetti:
Natura: Capitolo di libro
KOHA link:https://koha.lib.tpu.ru/cgi-bin/koha/opac-detail.pl?biblionumber=387827

MARC

LEADER 00000naa2a2200000 4500
001 387827
005 20231101063648.0
035 |a (RuTPU)RU\TPU\prd\18087 
090 |a 387827 
100 |a 20031007a2003 k y0rusy50 ca 
101 0 |a rus 
102 |a RU 
200 1 |a Классификация способов бестраншейного ремонта инженерных сетей  |f О. А. Продоус 
225 1 |a Новые технологии 
320 |a Библиогр.: 4 назв. 
461 1 |0 (RuTPU)RU\TPU\prd\4239  |t Трубопроводы и экология  |o научно-практический журнал  |d 2002-2012 
463 1 |0 (RuTPU)RU\TPU\prd\16330  |t № 2  |v С. 19-21  |d 2003 
610 1 |a инженерные сети 
610 1 |a бестраншейный ремонт 
610 1 |a классификация способов 
610 1 |a ремонт 
610 1 |a технологии ремонта 
700 1 |a Продоус  |b О. А. 
801 1 |a RU  |b 63413507  |c 20031007  |g PSBO 
801 2 |a RU  |b 63413507  |c 20140703  |g RCR 
942 |c BK